[Event "Chigorin Memorial 20th"]
[Site "St Petersburg"]
[Date "2012.11.03"]
[Round "8"]
[White "Nikiforov, Vyacheslav"]
[Black "Elizarova, Taisia"]
[Result "1-0"]
[WhiteElo "1863"]
[BlackElo "1663"]
[PlyCount "83"]
[EventDate "2012.10.27"]
[EventType "swiss"]
[EventRounds "9"]
[EventCountry "RUS"]
[SourceTitle "EXT 2013"]
[Source "ChessBase"]
[SourceDate "2012.11.22"]
[SourceVersion "1"]
[SourceVersionDate "2012.11.22"]
[SourceQuality "1"]

1. e4 e6 2. d4 d5 3. Nc3 Nf6 4. Bg5 dxe4 5. Bxf6 Qxf6 6. Nxe4 Qd8 7. Nf3 Nd7 8. Bd3 Be7 9. c3 0-0 10. Qc2 h6 11. 0-0-0 Rb8 12. g4 b5 13. g5 hxg5 14. Rdg1 g4 15. Ne5 Nxe5 16. dxe5 b4 17. Rxg4 bxc3 18. Nxc3 Bg5+ 19. Kb1 Qe7 20. f4 Bh6 21. Rhg1 Bb7 22. h4 Ba8 23. h5 f5 24. Rg6 Kh7 25. Bc4 Rb6 26. Ka1 Bb7 27. Na4 Rc6 28. Qb3 Bc8 29. Bb5 Rb6 30. Nxb6 cxb6 31. Bc4 Re8 32. Qg3 Qf8 33. a3 Re7 34. Rxe6 Bxe6 35. Qg6+ Kh8 36. Bxe6 Rxe6 37. Qxe6 Qc5 38. Rd1 Qc7 39. Qd6 Qf7 40. e6 Qxh5 41. Qd8+ Kh7 42. e7 1-0

[Event "Chigorin Memorial 20th"]
[Site "St Petersburg"]
[Date "2012.10.31"]
[Round "5"]
[White "Suvorov, Aleksandr2222"]
[Black "Nikiforov, Vyacheslav"]
[Result "1-0"]
[WhiteElo "2065"]
[BlackElo "1863"]
[PlyCount "39"]
[EventDate "2012.10.27"]
[EventType "swiss"]
[EventRounds "9"]
[EventCountry "RUS"]
[SourceTitle "EXT 2013"]
[Source "ChessBase"]
[SourceDate "2012.11.22"]
[SourceVersion "1"]
[SourceVersionDate "2012.11.22"]
[SourceQuality "1"]

1. g3 e5 2. c4 Nc6 3. Bg2 g6 4. b3 Bg7 5. Bb2 Nge7 6. Nc3 0-0 7. e3 d6 8. Nge2 Bg4 9. h3 Bf5 10. g4 Bd7 11. d4 Qc8 12. d5 Nd8 13. Qd2 b6 14. f4 exf4 15. exf4 Re8 16. Ne4 f5 17. Nf6+ Bxf6 18. Bxf6 h6 19. Bb2 Kh7 20. Qc3 1-0

[Event "St Petersburg Botvinnik Memorial op"]
[Site "St Petersburg"]
[Date "2012.09.02"]
[Round "9"]
[White "Toporkova, Sofia"]
[Black "Nikiforov, Vyacheslav"]
[Result "1/2-1/2"]
[WhiteElo "1729"]
[BlackElo "1880"]
[PlyCount "129"]
[EventDate "2012.08.25"]
[EventType "swiss"]
[EventRounds "9"]
[EventCountry "RUS"]
[SourceTitle "CBM 150 Extra"]
[Source "ChessBase"]
[SourceDate "2012.10.19"]
[SourceVersion "1"]
[SourceVersionDate "2012.10.19"]
[SourceQuality "1"]

1. c4 Nf6 2. Nc3 g6 3. d4 Bg7 4. e4 d6 5. Nf3 0-0 6. Be2 c5 7. h4 Bg4 8. d5 Nbd7 9. Nh2 Bxe2 10. Qxe2 a6 11. g4 h5 12. f4 hxg4 13. Nxg4 Nh5 14. Rh3 e6 15. Bd2 b5 16. e5 bxc4 17. dxe6 fxe6 18. exd6 Ndf6 19. Qxe6+ Kh7 20. Ne5 Re8 21. Qf7 Qxd6 22. Qxg6+ Kg8 23. 0-0-0 Re7 24. Nxc4 Qd4 25. Na3 Nxf4 26. Bxf4 Qxf4+ 27. Kb1 Qg4 28. Qxg4 Nxg4 29. Rg3 Nf6 30. Nd5 Nxd5 31. Rxd5 Re1+ 32. Kc2 Ra7 33. Rxc5 Rb7 34. Nc4 Kh7 35. Rh5+ Kg8 36. Re5 Rh1 37. Rg4 Rh2+ 38. Kd3 Rd7+ 39. Ke4 Rc7 40. Kd3 Rd7+ 41. Ke3 Kh7 42. Rh5+ Bh6+ 43. Ke4 Re2+ 44. Kf3 Re1 45. Ne5 Re3+ 46. Kf2 Rd2+ 47. Kf1 Rd1+ 48. Kg2 Rd2+ 49. Kh1 Rxb2 50. Rg6 Re1+ 51. Rg1 Rxg1+ 52. Kxg1 Kg7 53. a4 Rb4 54. Nd7 Rxa4 55. Kg2 Ra2+ 56. Kf3 a5 57. Nb6 Ra1 58. Rd5 Kg6 59. h5+ Kg7 60. Rd7+ Kf6 61. Kg4 Rg1+ 62. Kf3 Rb1 63. Rd6+ Kg5 64. Rd5+ Kh4 65. Na4 1/2-1/2

[Event "St Petersburg Botvinnik Memorial op"]
[Site "St Petersburg"]
[Date "2012.08.31"]
[Round "7"]
[White "Pimenov, Revolt"]
[Black "Nikiforov, Vyacheslav"]
[Result "1-0"]
[WhiteElo "2186"]
[BlackElo "1880"]
[PlyCount "149"]
[EventDate "2012.08.25"]
[EventType "swiss"]
[EventRounds "9"]
[EventCountry "RUS"]
[SourceTitle "CBM 150 Extra"]
[Source "ChessBase"]
[SourceDate "2012.10.19"]
[SourceVersion "1"]
[SourceVersionDate "2012.10.19"]
[SourceQuality "1"]

1. d4 Nf6 2. Nc3 d5 3. Bg5 Bf5 4. e3 e6 5. Bd3 Bxd3 6. cxd3 Be7 7. Nf3 Nbd7 8. e4 Nb6 9. 0-0 0-0 10. Rc1 c6 11. Qd2 h6 12. Bf4 Kh7 13. h3 Rc8 14. e5 Nfd7 15. Nh2 Bg5 16. Bxg5 Qxg5 17. f4 Qe7 18. Rce1 g6 19. Ng4 h5 20. f5 exf5 21. Qh6+ Kg8 22. Ne3 Qe6 23. Ne2 Nxe5 24. Nf4 Qf6 25. dxe5 Qxe5 26. Nxh5 Qh8 27. Qxh8+ Kxh8 28. Nf4 Rce8 29. Nd1 Nd7 30. Kf2 Nc5 31. Rxe8 Rxe8 32. b4 Nd7 33. Re1 Rxe1 34. Kxe1 Kg7 35. Kd2 Kf6 36. Ke3 g5 37. Ne2 f4+ 38. Kd4 Ke6 39. Ng1 f5 40. Ne2 Ne5 41. Ng1 g4 42. h4 b6 43. h5 Kf6 44. h6 Nf7 45. h7 Kg7 46. Nc3 Kxh7 47. b5 cxb5 48. Nxd5 Kg6 49. Nxf4+ Kg5 50. g3 Kf6 51. Nge2 Ng5 52. Nc3 Nf3+ 53. Ke3 Nh2 54. Nxb5 a6 55. Nc7 Ke5 56. Nxa6 Nf1+ 57. Kf2 Nd2 58. Ke2 Nb1 59. Nb4 Nc3+ 60. Ke3 Nd1+ 61. Ke2 Nc3+ 62. Kd2 Nb1+ 63. Kc2 Na3+ 64. Kb3 Nb5 65. a4 Nd4+ 66. Kc4 Nf3 67. Nc6+ Kf6 68. d4 Nd2+ 69. Kd3 Ne4 70. Ne2 Kg5 71. Ke3 Nxg3 72. Nxg3 f4+ 73. Kf2 fxg3+ 74. Kxg3 Kf5 75. Nb4 1-0

[Event "St Petersburg Botvinnik Memorial op"]
[Site "St Petersburg"]
[Date "2012.08.27"]
[Round "3"]
[White "Oxener, Aldo"]
[Black "Nikiforov, Vyacheslav"]
[Result "0-1"]
[WhiteElo "1513"]
[BlackElo "1880"]
[PlyCount "82"]
[EventDate "2012.08.25"]
[EventType "swiss"]
[EventRounds "9"]
[EventCountry "RUS"]
[SourceTitle "CBM 150 Extra"]
[Source "ChessBase"]
[SourceDate "2012.10.19"]
[SourceVersion "1"]
[SourceVersionDate "2012.10.19"]
[SourceQuality "1"]

1. Nf3 c5 2. e3 d5 3. d4 e6 4. b3 Nc6 5. Bb2 Nf6 6. Nbd2 Bd6 7. a3 0-0 8. Bd3 Re8 9. Ne5 cxd4 10. exd4 Nd7 11. Bxh7+ Kf8 12. Qh5 Qf6 13. Nxf7 Bf4 14. Nf3 Ke7 15. a4 Nf8 16. Ba3+ Kd7 17. N7e5+ Nxe5 18. dxe5 g6 19. exf6 gxh5 20. Bg8 Bd6 21. Bxd6 Kxd6 22. Ng5 Ke5 23. f7 Rd8 24. Rd1 Bd7 25. Rd3 Rac8 26. Kd2 Kf6 27. f4 e5 28. g3 Bf5 29. Rc3 Rxc3 30. Kxc3 Rc8+ 31. Kb4 exf4 32. gxf4 Rxc2 33. Rd1 Rf2 34. Rxd5 Rxf4+ 35. Ka3 Kxg5 36. Rd8 Ne6 37. f8Q Nxf8 38. Rxf8 Be4 39. Rd8 Rf2 40. Re8 Bc6 41. h3 Bxe8 0-1

[Event "St Petersburg Botvinnik Memorial op"]
[Site "St Petersburg"]
[Date "2012.08.25"]
[Round "1"]
[White "Khakimov, Timur"]
[Black "Nikiforov, Vyacheslav"]
[Result "1-0"]
[WhiteElo "2298"]
[BlackElo "1880"]
[PlyCount "119"]
[EventDate "2012.08.25"]
[EventType "swiss"]
[EventRounds "9"]
[EventCountry "RUS"]
[SourceTitle "CBM 150 Extra"]
[Source "ChessBase"]
[SourceDate "2012.10.19"]
[SourceVersion "1"]
[SourceVersionDate "2012.10.19"]
[SourceQuality "1"]

1. e4 c5 2. Nf3 e6 3. Nc3 Nc6 4. Bb5 d6 5. 0-0 Nge7 6. d4 a6 7. dxc5 dxc5 8. Qxd8+ Kxd8 9. Rd1+ Ke8 10. Bf4 Bd7 11. Bxc6 Bxc6 12. Ne5 f6 13. Nc4 Ng6 14. Bc7 b5 15. Nd6+ Bxd6 16. Rxd6 Ne7 17. Rad1 Kf7 18. Bb6 c4 19. a3 Rac8 20. f3 Rhe8 21. Ne2 e5 22. Nc3 h6 23. Na2 f5 24. Nb4 fxe4 25. Nxc6 Rxc6 26. fxe4 Rec8 27. Bd8 Rxd6 28. Rxd6 Nc6 29. Bb6 Ne7 30. Rd7 Ke8 31. Ra7 Rc6 32. Ba5 Re6 33. Bc3 g5 34. Bb4 Kf7 35. Kf2 Kf6 36. Bxe7+ Rxe7 37. Rxa6+ Kg7 38. Rb6 Rd7 39. Ke3 Rd1 40. Rxb5 Rg1 41. Kf2 Rb1 42. c3 Kf6 43. a4 Ra1 44. a5 h5 45. Rb6+ Kf7 46. a6 Ke7 47. h3 Kf7 48. Kg3 Ke7 49. Rc6 Kf7 50. Rxc4 Rxa6 51. Rc5 Kf6 52. b4 Ra2 53. Rc6+ Kf7 54. b5 Rb2 55. c4 Ke7 56. b6 Kd7 57. Rc7+ Kd6 58. c5+ Ke6 59. b7 h4+ 60. Kh2 1-0

[Event "St Petersburg Spring op"]
[Site "St Petersburg"]
[Date "2012.03.26"]
[Round "5"]
[White "Nikiforov, Vyacheslav"]
[Black "Belov, Nikita"]
[Result "0-1"]
[WhiteElo "1867"]
[BlackElo "2013"]
[PlyCount "105"]
[EventDate "2012.03.22"]
[EventType "swiss"]
[EventRounds "9"]
[EventCountry "RUS"]
[SourceTitle "EXT 2013"]
[Source "ChessBase"]
[SourceDate "2012.11.22"]
[SourceVersion "1"]
[SourceVersionDate "2012.11.22"]
[SourceQuality "1"]

1. e4 e6 2. d4 d5 3. e5 c5 4. c3 Nc6 5. Nf3 Qb6 6. a3 Nh6 7. Bd3 Bd7 8. Bc2 cxd4 9. cxd4 Rc8 10. Nc3 Na5 11. 0-0 Nc4 12. Na4 Qc7 13. Bd3 Qa5 14. Nc3 b5 15. Bxc4 Rxc4 16. Bxh6 gxh6 17. b4 Qc7 18. Ne2 Be7 19. Nd2 Rc6 20. Nb3 Rg8 21. Qd3 Rg6 22. Nc5 f6 23. f4 f5 24. Rac1 Qd8 25. Rc3 Kf7 26. Nxd7 Rxc3 27. Nxc3 Qxd7 28. Qxb5 Qc8 29. Rc1 Qg8 30. Qf1 h5 31. Ne2 h4 32. Rc3 Qe8 33. Kh1 Qa4 34. Qc1 a5 35. bxa5 Qxa5 36. Rc7 Qb5 37. Qc5 Qe8 38. Qa7 Rg7 39. a4 Kg6 40. Qb7 Kh6 41. Qb3 Qh5 42. Qf3 Qe8 43. Qb3 Qh5 44. Ng1 Qg6 45. Qf3 Bd8 46. Rxg7 Qxg7 47. Qb3 Qa7 48. Ne2 Qa5 49. h3 Bb6 50. Kh2 Qa7 51. Qb4 Qc7 52. Qf8+ Qg7 53. Qd6 0-1